Gothic I - II NK postacie - Statystyki

Ogólne statystyki
  • Ten quiz został rozwiązany 96 razy
    22 od ostatniego zresetowania
  • Średni wynik to 201 z 395
Statystyki odpowiedzi
Podpowiedź Odpowiedź % Poprawnych
protagonista Bezimienny
100%
najemnik Gorn
100%
cień Diego
91%
zamek Gomez
91%
strażnik świątynny Angar
82%
zamek Arto
82%
guru Baal Namib
82%
zamek Bartholo
82%
zamek Blizna
82%
strażnik Bloodwyn
82%
cień Cavalorn
82%
mag ognia Corristo
82%
cień Dexter
82%
cień Fisk
82%
nowicjusz Fortuno
82%
bractwo Gor Na Bar
82%
najemnik Jarvis
82%
nowy obóz Kharim
82%
strażnik Kirgo
82%
zamek Kruk
82%
szkodnik Lares
82%
nowicjusz Lester
82%
mag ognia Milten
82%
strażnik Nek
82%
mag wody Saturas
82%
cień Scatty
82%
pirat | strażnik Skip
82%
strażnik Skorpion
82%
kucharz Snaf
82%
nowicjusz Talas
82%
strażnik Thorus
82%
niewolnik Velaya
82%
najemnik Wilk
82%
guru Y`Berion
82%
szkodnik Aidan
73%
paladyn Andre
73%
bractwo Baal Parvez
73%
nowicjusz Balor
73%
najemnik Baloro
73%
najemnik Cord
73%
kopacz Dusty
73%
strażnik Fletcher
73%
bractwo Gor Hanis
73%
strażnik świątynny Gor Na Ran
73%
kopacz Gravo
73%
kopacz Grim
73%
kowal Harad
73%
kopacz Herek
73%
kowal Huno
73%
cień Ian
73%
obywatel Jora
73%
najemnik Lee
73%
szkodnik Lewus
73%
paladyn Lord Hagen
73%
obywatel Matteo
73%
kopacz Melvin
73%
mag wody Nefarius
73%
nowicjusz Nyras
73%
najemnik Okyl
73%
farmer Onar
73%
najemnik | paladyn Orik
73%
obywatel Orlan
73%
bandyta Quentin
73%
cień Rączka
73%
mag wody Riordian
73%
najemnik Rod
73%
kowal Stone
73%
strażnik Szakal
73%
ork Ur-Shak
73%
mag wody Vatras
73%
kopacz Wrzód
73%
nekromanta Xardas
73%
cień Zły
73%
farmer Akil
64%
strażnik Asghan
64%
guru Baal Cadar
64%
guru Baal Lukor
64%
guru Baal Tondral
64%
nowicjusz Babo
64%
najemnik Bullko
64%
szkodnik Buster
64%
szkodnik Cipher
64%
guru Cor Kalom
64%
mag wody Cronos
64%
najemnik Dar
64%
mag ognia Drago
64%
nowy obóz Drax
64%
górne miasto Fernando
64%
kopacz Gilbert
64%
strażnik świątynny Gor Boba
64%
kopacz Graham
64%
pirat Greg
64%
kopacz Grimes
64%
kopacz Guy
64%
kret Horacy
64%
nowicjusz Igaraz
64%
kret Jeremiasz
64%
kopacz Jesse
64%
port Kardif
64%
kopacz Kyle
64%
nowy obóz Mordrag
64%
mag wody Myxir
64%
kucharz Omid
64%
nowicjusz Opolos
64%
nowicjusz Pedro
64%
mag ognia Pyrokar
64%
mag ognia Rodriguez
64%
szkodnik Ryżowy Książę
64%
górne miasto Sędzia
64%
strażnik Siekacz
64%
szkodnik Silas
64%
cień Świstak
64%
najemnik Sylvio
64%
ork Tarrok
64%
najemnik Torlof
64%
mag ognia Torrez
64%
strażnik Ulbert
64%
nowicjusz Ulf
64%
farmer Vino
64%
hutnik Wąż
64%
strażnik Aaron
55%
obywatel Abuyin
55%
port Alrik
55%
port Attila
55%
bractwo Baal Isidro
55%
guru Baal Tyon
55%
farmer Bengar
55%
kowal Bennet
55%
kowal Brian
55%
strażnik Bullit
55%
szkodnik Butch
55%
obywatel Canthar
55%
kowal Carl
55%
port Cassia
55%
obywatel Constantino
55%
mag ognia Daron
55%
farmer Hilda
55%
farmer Egill
55%
farmer Ehnim
55%
bandyta Esteban
55%
paladyn Garond
55%
górne miasto Gerbrandt
55%
mag ognia Gorax
55%
bractwo Gor Na Drak
55%
obywatel Gritta
55%
kowal Hodges
55%
port Ignaz
55%
mag ognia Isgaroth
55%
port Jack
55%
nowicjusz Joru
55%
szkodnik Krzykacz
55%
farmer Lobart
55%
paladyn Lothar
55%
bandyta Lucia
55%
górne miasto Lutero
55%
farmer Malak
55%
farmer Maleth
55%
strażnik miejski Martin
55%
mag wody Merdarion
55%
strażnik miejski Mika
55%
strażnik miejski Mortis
55%
niewolnik Natalia
55%
strażnik miejski Pablo
55%
mag ognia Parlan
55%
strażnik miejski Peck
55%
port Ramirez
55%
farmer Randolph
55%
strażnik miejski Rangar
55%
obywatel Regis
55%
port Rengaru
55%
szkodnik Roscoe
55%
kret Rufus
55%
strażnik miejski Ruga
55%
farmer Rukhar
55%
zielarz Sagitta
55%
górne miasto Salandril
55%
obywatel Sara
55%
najemnik Sentenza
55%
paladyn Sergio
55%
mag ognia Serpentes
55%
szkodnik Sharky
55%
smok Smok-Ożywieniec
55%
mag ognia Talamon
55%
farmer Thekla
55%
obywatel Thorben
55%
farmer Till
55%
górne miasto Valentino
55%
strażnik miejski Wambo
55%
strażnik miejski Wulfgar
55%
obywatel Zuris
55%
nowicjusz Agon
45%
paladyn Albrecht
45%
kopacz Aleph
45%
najemnik Alvares
45%
port Alwin
45%
bractwo Baal Kagan
45%
nowicjusz Baal Netbek
45%
kucharz Balam
45%
obywatel Baltram
45%
obywatel Bartok
45%
knecht Bilgot
45%
pirat Bill
45%
farmer Bodo
45%
strażnik miejski Boltan
45%
port Borka
45%
obywatel Bosper
45%
bandyta Brago
45%
port Brahim
45%
strażnik Brandick
45%
port Bromor
45%
strażnik Carlos
45%
obywatel Coragon
45%
górne miasto Cornelius
45%
mag ognia Damarok
45%
knecht Brutus
45%
myśliwy Dragomir
45%
strażnik Drake
45%
farmer Elena
45%
myśliwy Eremita
45%
obywatel Erol
45%
port Farim
45%
smok Feomathar
45%
pirat Francis
45%
kopacz Garp
45%
nowicjusz Ghorim
45%
bractwo Gor Na Kosh
45%
strażnik świątynny Gor Na Toth
45%
bractwo Gor Na Vid
45%
myśliwy Grimbald
45%
myśliwy Grom
45%
farmer Gunnar
45%
obywatel Hakon
45%
port Halvor
45%
obywatel Hanna
45%
nowicjusz Harlok
45%
pirat Henry
45%
kret Homer
45%
ork Hosh-Pak
45%
ożywieniec Inubis
45%
łowca smoków Jan
45%
marynarz Jorgen
45%
bandyta Juan
45%
mag ognia Karras
45%
najemnik Khaled
45%
szkodnik Klin
45%
najemnik Kosa
45%
port Lehmar
45%
farmer Maria
45%
pirat Matt
45%
port Meldor
45%
port Moe
45%
port Nadja
45%
port Nagur
45%
myśliwy Niclas
45%
drwal Owen
45%
strażnik Pacho
45%
kowal Paul
45%
najemnik Raoul
45%
nowy obóz Ratford
45%
farmer Rosi
45%
obywatel Rupert
45%
cień Santino
45%
farmer Sekob
45%
bandyta | kret Senyan
45%
niewolnik Serafia
45%
paladyn Silvestro
45%
demon Śniący
45%
kopacz Snipes
45%
bandyta Tom
45%
paladyn Udar
45%
mag ognia Ulthar
45%
port Vanja
45%
cień Alberto
36%
ożywieniec Archol
36%
farmer Babera
36%
pirat Bones
36%
pirat Brandon
36%
paladyn Cedrik
36%
hutnik Crimson
36%
nekromanta Czarny mag
36%
nowicjusz Dyrian
36%
bandyta Edgor
36%
obywatel Elvrich
36%
kopacz Emilio
36%
najemnik Engardo
36%
knecht Engor
36%
myśliwy Engrom
36%
paladyn Fajeth
36%
kopacz Fed
36%
port Fenia
36%
najemnik Fester
36%
smok Finkregh
36%
strażnik Garaz
36%
pirat Garett
36%
port Garvell
36%
myśliwy Gestath
36%
paladyn Girion
36%
obywatel Herold
36%
mag ognia Hyglas
36%
szkodnik Jacko
36%
port Jesper
36%
port Joe
36%
farmer Kati
36%
paladyn Keroloth
36%
kopacz Kervo
36%
wodny krąg Lance
36%
górne miasto Larius
36%
bandyta Logan
36%
port Lucy
36%
drwal Malcolm
36%
paladyn Marcos
36%
mag ognia Marduk
36%
bandyta Miguel
36%
port Monty
36%
ożywieniec Nadzorca
36%
mag ognia Neoras
36%
górne miasto Ogrodnik
36%
strażnik Orry
36%
paladyn Parcival
36%
najemnik Patrick
36%
farmer Pepe
36%
duch Quarhodron
36%
pirat Samuel
36%
bandyta Sancho
36%
paladyn Sengrath
36%
nowicjusz Shrat
36%
niewolnik Sira
36%
port Sonja
36%
kret Swiney
36%
myśliwy Talbin
36%
paladyn Tandor
36%
nowicjusz Viran
36%
port William
36%
pirat Angus
27%
guru Baal Orun
27%
bractwo Baal Taran
27%
farmer Balthasar
27%
łowca smoków Biff
27%
farmer Bronko
27%
szkodnik Bruce
27%
nowicjusz Caine
27%
kowal Darrion
27%
kowal Dobar
27%
więzień Draal
27%
port Edda
27%
port Fellan
27%
smok Feodaron
27%
łowca smoków Feros
27%
kopacz Finn
27%
strażnik Franko
27%
myśliwy Gaan
27%
kopacz Geppert
27%
kopacz Glen
27%
łowca smoków Godar
27%
pirat Hank
27%
łowca smoków Hokurn
27%
paladyn Ingmar
27%
pirat Jack Aligator
27%
zwiadowca Jergan
27%
poszukiwacz Klucznik
27%
łowca smoków Kurgan
27%
kopacz Lennar
27%
port Mario
27%
pirat Morgan
27%
smok Pandrodor
27%
farmer Pardos
27%
knecht Parlaf
27%
smok Pedrakhan
27%
kret Pock
27%
strażnik Ramon
27%
łowca smoków Rethon
27%
duch Rhademes
27%
bandyta Skinner
27%
paladyn Tengron
27%
farmer Tonak
27%
farmer Wasili
27%
niewolnik Chani
18%
knecht Den
18%
nowicjusz Garwig
18%
paladyn Gerold
18%
ork Grash-Varrag-Arushat
18%
łowca smoków Kjorn
18%
bandyta Morgahard
18%
knecht Olav
18%
strażnik miejski Rick
18%
strażnik miejski Rumbold
18%
farmer Telbor
18%
ork Varrag-Hashor
18%
ork Varrag-Kasorg
18%
ork Varrag-Ruuushk
18%
ork Varrag-Unhilqt
18%
farmer Rega
9%
Nie znaleziono quizów pasujących do podanych kryteriów
Rozkład punktacji
Procent ludzi z każdym wynikiem
Percentyl według liczby udzielonych odpowiedzi
Twoja historia wyników
Nie rozwiązałeś tego quizu od ostatniego zresetowania